000 00507nam a2200193Ia 4500
005 20250508151109.0
008 008 250505s9999 xx 000 0 eng d
037 _aTextual
040 _aFEDL
_beng
_cFEDL
041 _aeng
_2eng
084 _a930, GRA
_qFEDL
100 _aGrant Michael
245 0 _aAncient history
260 _aLondon, UK
_bMethuen and Co. Ltd.
_c1952
300 _aviii,247p
490 _aHome study books
942 _cTEXL
_h930, GRA
999 _c1327568
_d1327568